Statistics for Penguins in Yu-Gi-Oh!

Click here to take the quiz!

General Stats

  • This quiz has been taken 10 times
    (9 since last reset)
  • The average score is 6 of 18

Answer Stats

Answer% Correct
Penguin Soldier
80%
Glacial Beast Polar Penguin
40%
Nopenguin
40%
Penguin Brave
40%
Penguin Cleric
40%
Penguin Knight
40%
Penguin Ninja
40%
Penguin Squire
40%
Penguin Sword
40%
Royal Penguins Garden
40%
Bolt Penguin
20%
Fluffal Penguin
20%
Flying Penguin
20%
Guard Penguin
20%
Nightmare Penguin
20%
Penguin Torpedo
20%
Puny Penguin
20%
The Great Emperor Penguin
20%

Score Distribution

Percentile by Number Answered

Percent of People with Each Score

Your Score History

You have not taken this quiz since the last reset